000 00761nam a22002057a 4500
999 _c9750
_d9750
003 AR-CdUCM
008 190328b ||||| |||| 00| 0 spa d
040 _aMUNICIPALIDAD PROVINCIAL DEL CUSCO
_cBIBLIOTECA MUNICIPAL DEL CUSCO
082 _a372.12 /
_bR97 / 1931
100 _aRuttman, W. J.
_926177
245 _aOrientación profesional /
260 _aBarcelona :
_bLabor,
_c1931
300 _a181 páginas ;
_c19 cm.
505 _aContenido : Postulados de la capacidad de rendimiento -- Principios biológicos -- Formas sociales de la producción de trabajo -- Economía de la producción del trabajo ...
650 _aOrientación
_915958
650 _aCampo laboral
_926178
650 _aProfesionalismo
_926179
942 _2ddc
_cLIBROS
945 _arah